000 00302nam a22001337a 4500
008 170130b xxu||||| |||| 00| 0 eng d
020 _a9780838514566
041 _aeng
080 _a61
100 _a3
101 _ashm
245 _aCURRENT SURGICAL DIAGNOSIS & TREATMENT
_cWAY, L.W
942 _2udc
_cBK
999 _c4015
_d4015